Manual do ps̤-divr̤cio

Detalles Bibliográficos
Autor principal: Poppe, Diana
Formato: eBook
Lenguaje:portugués
Publicado: Indaiatuba: Editora Foco, 2021
Materias:
Acceso en línea:Acceso restringido

MARC

LEADER 00000nam a22000007a 4500
005 20220427225211.0
007 cr|||| ||||
008 220427s2021 br |||||s|||| 00||0 por d
020 |a 978-65-5515-346-0 
035 |a 36237 
040 |a vLex 
090 |c 13247  |d 13247 
100 1 |a Poppe, Diana 
245 1 0 |a Manual do ps̤-divr̤cio  |h [Recurso electrn̤ico] /  |c Diana Poppe 
256 |a Servicio en ln̕ea 
260 |a Indaiatuba:  |b Editora Foco,  |c 2021 
300 |a 1 recurso electrn̤ico 
506 1 |a Disponible solo en los productos indicados  |d vLex Global  |d vLex Global (Academic Edition, excluding Law Schools)  |d vLex Global (U.S. Academic Edition, Law Schools)  |d vLex Global (U.S. Academic Edition, excluding Law Schools)  |d vLex Global (Academic Edition, Law Schools) 
650 0 4 |a Derecho Civil  |z Brasil 
740 0 |a vLex Libros (Servicio en ln̕ea) 
856 4 0 |u https://app.vlex.com/#/sources/36237  |z Acceso restringido 
942 |c BOOK 
999 0 |a Civil Law